Stage fright on a summer night / (Record no. 907)

MARC details
000 -LEADER
fixed length control field 01152cam a2200325 a 4500
005 - DATE AND TIME OF LATEST TRANSACTION
control field 20230824112323.0
020 ## - INTERNATIONAL STANDARD BOOK NUMBER
International Standard Book Number 04394408069
040 ## - CATALOGING SOURCE
Original cataloging agency DLC
Transcribing agency DLC
Modifying agency DLC
Language of cataloging eng
050 00 - LIBRARY OF CONGRESS CALL NUMBER
Classification number PZ7.O81167
Item number Ss 2002
082 00 - DEWEY DECIMAL CLASSIFICATION NUMBER
Classification number Fic
100 1# - MAIN ENTRY--PERSONAL NAME
Personal name Osborne, Mary Pope.
245 10 - TITLE STATEMENT
Title Stage fright on a summer night /
Statement of responsibility, etc. by Mary Pope Osborne ; illustrated by Sal Murdocca.
250 ## - EDITION STATEMENT
Edition statement First Scholastic printing, September 2002
260 ## - PUBLICATION, DISTRIBUTION, ETC.
Place of publication, distribution, etc. New York :
Name of publisher, distributor, etc. Scholastic
Date of publication, distribution, etc. 2002.
300 ## - PHYSICAL DESCRIPTION
Extent 70 pages :
Other physical details illustrations;
Dimensions 20 cm
490 1# - SERIES STATEMENT
Series statement Magic tree house ;
Volume/sequential designation Book 25
505 ## - FORMATTED CONTENTS NOTE
Formatted contents note N <br/>
520 ## - SUMMARY, ETC.
Summary, etc. Jack and Annie travel in their magic tree house to Elizabethan London, where they become actors in a production of A Midsummer Night's Dream and try to rescue a tame bear.
521 ## - TARGET AUDIENCE NOTE
Target audience note 560 <br/>
Source Lexile <br/>
521 ## - TARGET AUDIENCE NOTE
Target audience note N <br/>
Source Raz-Plus <br/>
650 #1 - SUBJECT ADDED ENTRY--TOPICAL TERM
Topical term or geographic name entry element Time travel
Form subdivision Fiction.
650 #1 - SUBJECT ADDED ENTRY--TOPICAL TERM
Topical term or geographic name entry element Theater
Form subdivision Fiction.
650 #1 - SUBJECT ADDED ENTRY--TOPICAL TERM
Topical term or geographic name entry element Magic
Form subdivision Fiction.
650 #1 - SUBJECT ADDED ENTRY--TOPICAL TERM
Topical term or geographic name entry element Tree houses
Form subdivision Fiction.
700 1# - ADDED ENTRY--PERSONAL NAME
Personal name Murdocca, Sal
Relator term illustrator
906 ## - LOCAL DATA ELEMENT F, LDF (RLIN)
a 7
b cbc
c orignew
d 1
e ocip
f 20
g y-gencatlg
942 ## - ADDED ENTRY ELEMENTS (KOHA)
Source of classification or shelving scheme Dewey Decimal Classification
Koha item type Books
Suppress in OPAC No
999 ## -
-- 907
-- 907
Holdings
Withdrawn status Lost status Source of classification or shelving scheme Damaged status Not for loan Collection Home library Current library Shelving location Date acquired Total Checkouts Full call number Barcode Date last seen Date last checked out Price effective from Koha item type
    Dewey Decimal Classification     Juvenile Fiction Footprints International School Library Network Toul Kork Campus Footprints International School Library Network Toul Tom Poung Campus   07/13/2023 2 OSB Fic PZ7.O81167 FISBK00111 12/09/2025 10/08/2025 07/13/2023 Books